La Generalitat republicana i el teatre : 1931-1939 : legislació / Jordi Coca, Enric Gallén, Anna Vázquez 1931-1939 :
Descripción Física:
181 p. ; 21'5 cm
Colección:
Monografies de teatre ; 11
MARC
| LEADER | 00000nam a2200000Ia 4500 | ||
|---|---|---|---|
| 001 | 6872 | ||
| 008 | 160829s1982 xx 000 0 cat d | ||
| 080 | |a B-1-169 | ||
| 100 | |a Coca, Jordi, |d 1947- |9 28798 | ||
| 245 | |a La Generalitat republicana i el teatre : |b 1931-1939 : |b legislació / Jordi Coca, Enric Gallén, Anna Vázquez | ||
| 260 | |a Barcelona : |b Institut del Teatre : |b Edicions 62, |c 1982 | ||
| 300 | |a 181 p. ; |c 21'5 cm | ||
| 490 | |a Monografies de teatre ; 11 | ||
| 650 | |a Teatre i Estat |x Catalunya |x Història |9 34608 | ||
| 650 | |a Teatre |x Dret i legislació |x Catalunya |x Història |9 34609 | ||
| 700 | 1 | |a Gallén, Enric |9 34610 | |
| 700 | |a Vázquez i Estévez, Anna |9 34611 | ||
| 710 | 1 | |a Institut del Teatre (Barcelona, Catalunya) |9 52662 | |
| 901 | |a Arxiu | ||
| 942 | |n 1 | ||
| 952 | |0 0 |1 0 |4 0 |6 B1169 |7 1 |9 46583 |a Arxiu |b Arxiu |d 2016-12-01 |l 0 |o B-1-169 |p 6872 |r 2016-12-01 00:00:00 |w 2016-12-01 |y ARXIU | ||
| 999 | |c 50376 |d 50376 | ||